[Event "Medellin Flores op 24th"]
[Site "Medellin"]
[Date "2017.08.03"]
[Round "1"]
[White "Osorio, Alejandro"]
[Black "Soto, Miguel Angel"]
[Result "0-1"]
[WhiteElo "2001"]
[BlackElo "2230"]
[PlyCount "39"]
[EventDate "2017.08.03"]
[EventType "swiss"]
[EventRounds "9"]
[EventCountry "COL"]
[SourceTitle "CBM 179 Extra"]
[Source "ChessBase"]
[SourceDate "2017.08.23"]
[SourceVersion "1"]
[SourceVersionDate "2017.08.23"]
[SourceQuality "1"]

1. d4 Nf6 2. c4 g6 3. Nc3 Bg7 4. e4 d6 5. Bg5 0-0 6. Qd2 Nbd7 7. Bd3 c5 8. d5 a6 9. a4 Rb8 10. Nge2 Ne5 11. 0-0 Bd7 12. f4 Nxd3 13. Qxd3 Ne8 14. f5 Nc7 15. Kh1 b5 16. axb5 axb5 17. Ra7 bxc4 18. Qxc4 Rxb2 19. Bxe7 Qxe7 20. Rxc7 0-1

[Event "Medellin Flores op 23rd"]
[Site "Medellin"]
[Date "2016.08.06"]
[Round "7"]
[White "Garavito, Miguel Angel"]
[Black "Osorio, Alejandro"]
[Result "1-0"]
[WhiteElo "2247"]
[BlackElo "1987"]
[PlyCount "93"]
[EventDate "2016.08.03"]
[EventType "swiss"]
[EventRounds "9"]
[EventCountry "COL"]
[SourceTitle "CBM 173 Extra"]
[Source "ChessBase"]
[SourceDate "2016.08.29"]
[SourceVersion "1"]
[SourceVersionDate "2016.08.29"]
[SourceQuality "1"]

1. d4 d5 2. Nf3 Nf6 3. c4 c6 4. Nc3 e6 5. g3 Bd6 6. Bg2 Nbd7 7. 0-0 0-0 8. Nd2 Bc7 9. e4 dxc4 10. Nxc4 Rb8 11. e5 Nd5 12. Ne4 N7b6 13. b3 f5 14. exf6 Nxf6 15. Ba3 Rf7 16. Ng5 Nbd5 17. Nxf7 Kxf7 18. Re1 Kg8 19. Rc1 Kh8 20. Bh3 Qg8 21. Qe2 b5 22. Ne5 b4 23. Bb2 Rb6 24. Rxc6 Bxe5 25. Rxb6 axb6 26. Qxe5 h6 27. Bxe6 Bxe6 28. Qxe6 Qa8 29. Rc1 Qxa2 30. Rc8+ Kh7 31. Qf5+ g6 32. Qe6 Qb1+ 33. Rc1 Qf5 34. Qf7+ Kh8 35. Qf8+ Ng8 36. Qxf5 gxf5 37. Rc4 Kg7 38. Bc1 Ngf6 39. Kg2 h5 40. Kf3 Ne4 41. Rc6 Kf7 42. Kg2 Nec3 43. Kh3 Ne4 44. f3 Nef6 45. Bg5 Ne8 46. Kh4 Ng7 47. Rd6 1-0

[Event "Villamaria op 2nd"]
[Site "Villamaria"]
[Date "2016.07.04"]
[Round "6"]
[White "Buitrago, Juan Carlos"]
[Black "Osorio, Alejandro"]
[Result "1/2-1/2"]
[WhiteElo "2061"]
[BlackElo "1964"]
[PlyCount "24"]
[EventDate "2016.07.02"]
[EventType "swiss"]
[EventRounds "7"]
[EventCountry "COL"]
[SourceTitle "CBM 173 Extra"]
[Source "ChessBase"]
[SourceDate "2016.08.29"]
[SourceVersion "1"]
[SourceVersionDate "2016.08.29"]
[SourceQuality "1"]

1. g3 g6 2. Bg2 Bg7 3. Nc3 d6 4. Nf3 Nf6 5. 0-0 0-0 6. d3 Nc6 7. e4 Bg4 8. h3 Bxf3 9. Bxf3 Nd4 10. Bg2 h6 11. Be3 c5 12. Qd2 Kh7 1/2-1/2

[Event "Villamaria op 2nd"]
[Site "Villamaria"]
[Date "2016.07.02"]
[Round "2"]
[White "Villamizar, Diego Fernando"]
[Black "Osorio, Alejandro"]
[Result "0-1"]
[WhiteElo "1912"]
[BlackElo "1964"]
[PlyCount "68"]
[EventDate "2016.07.02"]
[EventType "swiss"]
[EventRounds "7"]
[EventCountry "COL"]
[SourceTitle "CBM 173 Extra"]
[Source "ChessBase"]
[SourceDate "2016.08.29"]
[SourceVersion "1"]
[SourceVersionDate "2016.08.29"]
[SourceQuality "1"]

1. d4 d5 2. c4 c6 3. Nc3 Nf6 4. Nf3 e6 5. e3 Nbd7 6. Bd3 dxc4 7. Bxc4 b5 8. Bd3 Bb7 9. 0-0 a6 10. Re1 c5 11. b3 Be7 12. Bb2 0-0 13. Qe2 Rc8 14. Rad1 cxd4 15. Nxd4 Bb4 16. Rc1 Qa5 17. a3 Bxc3 18. Bxc3 Rxc3 19. Qd2 b4 20. axb4 Qg5 21. f4 Rxd3 22. fxg5 Rxd2 23. gxf6 Rxg2+ 24. Kf1 Nxf6 25. Rc7 Be4 26. Ra1 Rxh2 27. Rxa6 Bd3+ 28. Kg1 Ng4 29. Raa7 Be4 30. Kf1 Nxe3+ 31. Ke1 Nc2+ 32. Nxc2 Rxc2 33. b5 Rxc7 34. Rxc7 Rb8 0-1

[Event "Medellin Flores op 19th"]
[Site "Medellin"]
[Date "2013.08.07"]
[Round "8"]
[White "Munoz, Monroy Cinthya Caro"]
[Black "Osorio, Alejandro"]
[Result "0-1"]
[WhiteElo "1871"]
[BlackElo "1970"]
[PlyCount "54"]
[EventDate "2013.08.03"]
[EventType "swiss"]
[EventRounds "9"]
[EventCountry "COL"]
[SourceTitle "CBM 155 Extra"]
[Source "ChessBase"]
[SourceDate "2013.08.26"]
[SourceVersion "1"]
[SourceVersionDate "2013.08.26"]
[SourceQuality "1"]

1. e4 c5 2. c3 Nf6 3. e5 Nd5 4. d4 cxd4 5. cxd4 Nc6 6. Nf3 d6 7. Bb5 Qa5+ 8. Nc3 Nxc3 9. Bxc6+ bxc6 10. bxc3 Qxc3+ 11. Bd2 Qd3 12. Rc1 Ba6 13. Rc3 Qb5 14. Re3 e6 15. a4 Qd5 16. Bc3 Be7 17. Qc2 Rb8 18. Kd2 0-0 19. h4 Qb3 20. Ng5 Qxc2+ 21. Kxc2 Bc4 22. Reh3 Bd5 23. f3 dxe5 24. dxe5 Bb3+ 25. Kd2 Rfd8+ 26. Ke3 Bxa4 27. Ra1 Bb5 0-1

[Event "Medellin Flores op 19th"]
[Site "Medellin"]
[Date "2013.08.07"]
[Round "9"]
[White "Osorio, Alejandro"]
[Black "Zapata Cuartas, Juan Carlos"]
[Result "0-1"]
[WhiteElo "1970"]
[BlackElo "2087"]
[PlyCount "52"]
[EventDate "2013.08.03"]
[EventType "swiss"]
[EventRounds "9"]
[EventCountry "COL"]
[SourceTitle "CBM 155 Extra"]
[Source "ChessBase"]
[SourceDate "2013.08.26"]
[SourceVersion "1"]
[SourceVersionDate "2013.08.26"]
[SourceQuality "1"]

1. d4 d5 2. c4 c6 3. Nc3 Nf6 4. e3 Bf5 5. cxd5 cxd5 6. Qb3 Bc8 7. Bb5+ Bd7 8. Nxd5 Nxd5 9. Qxd5 Qa5+ 10. Bd2 Qxb5 11. Qe4 Bc6 12. Qc2 Nd7 13. f3 e5 14. Ne2 Bb4 15. Nc3 Bxc3 16. Bxc3 0-0 17. Kf2 Rac8 18. a4 Qc4 19. b3 Qe6 20. Qb2 Rfe8 21. e4 exd4 22. Bxd4 Ne5 23. Rhd1 f5 24. exf5 Qxf5 25. Qb1 Qf4 26. h3 Nxf3 0-1

[Event "Medellin Flores op 19th"]
[Site "Medellin"]
[Date "2013.08.05"]
[Round "5"]
[White "Osorio, Alejandro"]
[Black "Lopez Idarraga, Daniel Eduardo"]
[Result "1/2-1/2"]
[WhiteElo "1970"]
[BlackElo "2075"]
[PlyCount "71"]
[EventDate "2013.08.03"]
[EventType "swiss"]
[EventRounds "9"]
[EventCountry "COL"]
[SourceTitle "CBM 155 Extra"]
[Source "ChessBase"]
[SourceDate "2013.08.26"]
[SourceVersion "1"]
[SourceVersionDate "2013.08.26"]
[SourceQuality "1"]

1. d4 e6 2. c4 f5 3. g3 d5 4. Bg2 c6 5. Nf3 Bd6 6. cxd5 exd5 7. 0-0 Nf6 8. Nc3 0-0 9. Bg5 Be6 10. Rc1 Nbd7 11. e3 Qe8 12. Bf4 Be7 13. Ne5 Nxe5 14. Bxe5 Ng4 15. Qe2 Bf6 16. f4 Bxe5 17. dxe5 Rd8 18. Rfd1 Qe7 19. h3 Nh6 20. a3 Rd7 21. Na4 Rfd8 22. Nc5 Rc7 23. b4 b6 24. Nxe6 Qxe6 25. Qa2 Rcd7 26. Rd3 Kh8 27. Rcd1 a6 28. Qc2 Ng8 29. Kh2 Ne7 30. Bf3 g5 31. Qe2 gxf4 32. gxf4 Rg8 33. Rg1 Ng6 34. Rdd1 b5 35. Qb2 Rgd8 36. Qd4 1/2-1/2

[Event "COL-ch"]
[Site "Ibague"]
[Date "2013.07.07"]
[Round "11"]
[White "Vasquez Garrido, Nuremberg Adin"]
[Black "Osorio, Alejandro"]
[Result "0-1"]
[WhiteElo "2002"]
[BlackElo "1883"]
[PlyCount "54"]
[EventDate "2013.07.01"]
[EventType "swiss"]
[EventRounds "11"]
[EventCountry "COL"]
[SourceTitle "EXT 2014"]
[Source "ChessBase"]
[SourceDate "2013.11.20"]
[SourceVersion "1"]
[SourceVersionDate "2013.11.20"]
[SourceQuality "1"]

1. e4 c5 2. d4 cxd4 3. c3 Nf6 4. e5 Nd5 5. Bc4 Nb6 6. Bb3 Nc6 7. Nf3 d6 8. Qe2 Bf5 9. 0-0 e6 10. Rd1 d3 11. Qe3 dxe5 12. Nxe5 Nxe5 13. Qxe5 Qd6 14. Qe3 Be7 15. c4 0-0 16. Nc3 Qc6 17. Qf4 h6 18. Qg3 Bg6 19. Bf4 Rad8 20. Rac1 Bf6 21. h4 h5 22. c5 Nd5 23. Ba4 Nxc3 24. Bxc6 Ne2+ 25. Kh2 Nxg3 26. Bxb7 Ne2 27. Bd6 Rxd6 0-1

[Event "Dosquebrad op"]
[Site "Dosquebrad"]
[Date "2013.06.22"]
[Round "6"]
[White "Osorio, Alejandro"]
[Black "Walteros, Juan Diego"]
[Result "0-1"]
[WhiteElo "1894"]
[BlackElo "1504"]
[PlyCount "58"]
[EventDate "2013.06.19"]
[EventType "swiss"]
[EventRounds "7"]
[EventCountry "COL"]
[SourceTitle "CBM 155 Extra"]
[Source "ChessBase"]
[SourceDate "2013.08.26"]
[SourceVersion "1"]
[SourceVersionDate "2013.08.26"]
[SourceQuality "1"]

1. d4 d5 2. c4 c6 3. Nc3 e6 4. Nf3 Nf6 5. e3 Nbd7 6. Bd3 Bd6 7. 0-0 b6 8. e4 dxe4 9. Nxe4 Nxe4 10. Bxe4 Bb7 11. Qe2 0-0 12. Bg5 Qc7 13. Rad1 h6 14. Bc1 Nf6 15. Bb1 Rfe8 16. Rfe1 Rad8 17. Qc2 c5 18. dxc5 Bxc5 19. Qe2 Ng4 20. Rxd8 Rxd8 21. Qc2 Bxf2+ 22. Kf1 Bxe1 23. Qh7+ Kf8 24. Kxe1 Bxf3 25. gxf3 Qe5+ 26. Qe4 Qxe4+ 27. Bxe4 Ne5 28. Bf4 Nd3+ 29. Bxd3 Rxd3 0-1

[Event "Dosquebrad op"]
[Site "Dosquebrad"]
[Date "2013.06.21"]
[Round "4"]
[White "Osorio, Alejandro"]
[Black "Molano, Walter Rene"]
[Result "1-0"]
[WhiteElo "1894"]
[BlackElo "1635"]
[PlyCount "57"]
[EventDate "2013.06.19"]
[EventType "swiss"]
[EventRounds "7"]
[EventCountry "COL"]
[SourceTitle "CBM 155 Extra"]
[Source "ChessBase"]
[SourceDate "2013.08.26"]
[SourceVersion "1"]
[SourceVersionDate "2013.08.26"]
[SourceQuality "1"]

1. d4 Nf6 2. c4 e6 3. Nf3 Bb4+ 4. Bd2 Bxd2+ 5. Qxd2 b6 6. g3 Bb7 7. Bg2 d6 8. Nc3 Nbd7 9. 0-0 Rb8 10. d5 0-0 11. dxe6 fxe6 12. Nd4 Qe8 13. Ndb5 Qh5 14. h3 Ne5 15. b3 Rf7 16. Bxb7 Rxb7 17. Kg2 a6 18. Nd4 d5 19. Nxe6 Rd7 20. Nf4 Qh6 21. Qe3 d4 22. Qxe5 dxc3 23. Qe6+ Kf8 24. Nd5 c6 25. Nxc3 Qd2 26. Rac1 b5 27. cxb5 cxb5 28. Ne4 Qd5 29. Rc8+ 1-0

[Event "Latin Cup-A 3rd"]
[Site "Cali"]
[Date "2012.10.09"]
[Round "9"]
[White "Rivera, Ingris"]
[Black "Osorio, Alejandro"]
[Result "1-0"]
[WhiteElo "2163"]
[BlackElo "1922"]
[PlyCount "75"]
[EventDate "2012.10.04"]
[EventType "swiss"]
[EventRounds "9"]
[EventCountry "COL"]
[SourceTitle "CBM 150 Extra"]
[Source "ChessBase"]
[SourceDate "2012.10.19"]
[SourceVersion "1"]
[SourceVersionDate "2012.10.19"]
[SourceQuality "1"]

1. Nf3 Nf6 2. g3 d5 3. Bg2 Nbd7 4. d4 e6 5. 0-0 Bd6 6. c4 c6 7. b3 0-0 8. Bb2 b6 9. Nbd2 Bb7 10. Rc1 Rc8 11. Rc2 Qc7 12. Qa1 Qb8 13. Rfc1 Rfe8 14. Ne5 Bf8 15. Rd1 Nxe5 16. dxe5 Nd7 17. e4 c5 18. exd5 exd5 19. cxd5 Nxe5 20. Nc4 Nxc4 21. bxc4 Qd6 22. Rcd2 Rcd8 23. a4 Ba6 24. Bf1 Bc8 25. f4 f6 26. Bd3 Re3 27. Qb1 h5 28. Kf2 Re7 29. Bh7+ Kh8 30. Bg6 Bg4 31. Rh1 f5 32. Bxf5 Bxf5 33. Qxf5 Qh6 34. Be5 Red7 35. Re1 Bd6 36. Rde2 a6 37. Bxd6 Rxd6 38. Re8+ 1-0

[Event "Latin Cup-A 3rd"]
[Site "Cali"]
[Date "2012.10.06"]
[Round "5"]
[White "Pardo, Alejandro"]
[Black "Osorio, Alejandro"]
[Result "1-0"]
[WhiteElo "2181"]
[BlackElo "1922"]
[PlyCount "65"]
[EventDate "2012.10.04"]
[EventType "swiss"]
[EventRounds "9"]
[EventCountry "COL"]
[SourceTitle "CBM 150 Extra"]
[Source "ChessBase"]
[SourceDate "2012.10.19"]
[SourceVersion "1"]
[SourceVersionDate "2012.10.19"]
[SourceQuality "1"]

1. e4 c5 2. Nf3 Nc6 3. d4 cxd4 4. Nxd4 Nf6 5. Nc3 d6 6. Bc4 e6 7. Bb3 a6 8. Be3 Bd7 9. Rg1 Be7 10. Qe2 Rc8 11. g4 h6 12. 0-0-0 Na5 13. f3 Nxb3+ 14. axb3 Qa5 15. Kb1 Ng8 16. Qf2 Bf6 17. h4 g6 18. g5 hxg5 19. hxg5 Bg7 20. Nde2 Rc6 21. Bd4 Bxd4 22. Qxd4 Rh5 23. Qg7 Ne7 24. f4 e5 25. f5 gxf5 26. Rh1 Rxh1 27. Rxh1 Be6 28. exf5 Bxf5 29. Rh8+ Kd7 30. Qxf7 Bg6 31. Qf6 Qc5 32. Rh6 Qe3 33. Qxe7+ 1-0

[Event "Latin Cup-A 3rd"]
[Site "Cali"]
[Date "2012.10.05"]
[Round "3"]
[White "Duran Vega, Sergio"]
[Black "Osorio, Alejandro"]
[Result "1-0"]
[WhiteElo "2304"]
[BlackElo "1922"]
[PlyCount "37"]
[EventDate "2012.10.04"]
[EventType "swiss"]
[EventRounds "9"]
[EventCountry "COL"]
[SourceTitle "CBM 150 Extra"]
[Source "ChessBase"]
[SourceDate "2012.10.19"]
[SourceVersion "1"]
[SourceVersionDate "2012.10.19"]
[SourceQuality "1"]

1. e4 e5 2. Nf3 Nc6 3. Bb5 a6 4. Ba4 Nf6 5. 0-0 b5 6. Bb3 Be7 7. Re1 0-0 8. d3 d6 9. a3 Bb7 10. Nbd2 Re8 11. Nf1 h6 12. Ne3 Na5 13. Ba2 c5 14. c3 Rc8 15. Nf5 Bf8 16. h3 Nc6 17. Nh2 a5 18. Qf3 b4 19. Ng4 1-0

[Event "Latin Cup-A 3rd"]
[Site "Cali"]
[Date "2012.10.05"]
[Round "2"]
[White "Osorio, Alejandro"]
[Black "Herrera, Juan Sebastian"]
[Result "0-1"]
[WhiteElo "1922"]
[BlackElo "2184"]
[PlyCount "78"]
[EventDate "2012.10.04"]
[EventType "swiss"]
[EventRounds "9"]
[EventCountry "COL"]
[SourceTitle "CBM 150 Extra"]
[Source "ChessBase"]
[SourceDate "2012.10.19"]
[SourceVersion "1"]
[SourceVersionDate "2012.10.19"]
[SourceQuality "1"]

1. d4 d5 2. c4 c6 3. Nc3 Nf6 4. Nf3 dxc4 5. a4 Bf5 6. e3 e6 7. Bxc4 Bb4 8. 0-0 Qe7 9. Qe2 Bg4 10. Bd2 Nbd7 11. Rfc1 e5 12. Na2 Bd6 13. dxe5 Nxe5 14. Bc3 Nfd7 15. h3 Nxf3+ 16. gxf3 Bxh3 17. f4 h5 18. Qf3 Bf5 19. Qg2 Rh6 20. Kf1 Rg6 21. Qh2 Qe4 22. Be2 Nc5 23. Bb4 Nd3 24. Bxd6 Nxc1 25. Rxc1 Rxd6 26. Nc3 Qe6 27. Qxh5 0-0-0 28. Qh1 Bd3 29. Bxd3 Rxd3 30. Qf3 Qc4 31. Ne2 Rd1+ 32. Rxd1 Rxd1+ 33. Kg2 f5 34. Ng3 Qd5 35. e4 fxe4 36. Qg4+ Qd7 37. f5 Re1 38. Nxe4 Qd1 39. f6+ Qxg4+ 0-1

[Event "Medellin IRT op"]
[Site "Medellin"]
[Date "2012.08.05"]
[Round "5"]
[White "Agudelo, Carlos Hernan"]
[Black "Osorio, Alejandro"]
[Result "1-0"]
[WhiteElo "2044"]
[BlackElo "1893"]
[PlyCount "49"]
[EventDate "2012.08.03"]
[EventType "swiss"]
[EventRounds "9"]
[EventCountry "COL"]
[SourceTitle "CBM 149 Extra"]
[Source "ChessBase"]
[SourceDate "2012.08.24"]
[SourceVersion "1"]
[SourceVersionDate "2012.08.24"]
[SourceQuality "1"]

1. b3 e5 2. Bb2 d6 3. g3 Nc6 4. Bg2 Nf6 5. e3 Be7 6. Ne2 0-0 7. 0-0 Re8 8. f4 Bf8 9. Nbc3 Rb8 10. h3 h5 11. Kh2 e4 12. f5 Re5 13. Nxe4 Rxf5 14. Nxf6+ gxf6 15. Nf4 h4 16. g4 Rg5 17. Nd5 Rxd5 18. Bxd5 Ne5 19. Qe1 c6 20. Be4 d5 21. Bh7+ Kxh7 22. Qxh4+ Kg8 23. Bxe5 Bd6 24. Bxd6 Qxd6+ 25. Qg3 1-0

[Event "Cartago op"]
[Site "Cartago"]
[Date "2010.10.30"]
[Round "2"]
[White "Beltran, Carlos Armando"]
[Black "Osorio, Alejandro"]
[Result "1-0"]
[WhiteElo "2194"]
[BlackElo "1741"]
[PlyCount "73"]
[EventDate "2010.10.30"]
[EventType "swiss"]
[EventRounds "7"]
[EventCountry "COL"]
[SourceTitle "EXT 2011"]
[Source "ChessBase"]
[SourceDate "2010.11.26"]
[SourceVersion "1"]
[SourceVersionDate "2010.11.26"]
[SourceQuality "1"]

1. Nf3 Nf6 2. g3 d5 3. Bg2 Nbd7 4. c4 e6 5. b3 Be7 6. 0-0 0-0 7. Bb2 c6 8. d3 b6 9. Nbd2 Bb7 10. Rc1 Rc8 11. Rc2 Re8 12. Qa1 Bf8 13. Rfc1 c5 14. Ne5 Nxe5 15. Bxe5 Bd6 16. Bxf6 gxf6 17. cxd5 exd5 18. Nf3 d4 19. b4 Rc7 20. Qb2 Qa8 21. bxc5 bxc5 22. Rb1 Bd5 23. Qc1 Rce7 24. Qh6 Re6 25. Bh3 Bf8 26. Qh5 Bxf3 27. exf3 Re1+ 28. Rxe1 Rxe1+ 29. Kg2 Qb7 30. Bf5 h6 31. Qg4+ Kh8 32. Be4 Rxe4 33. fxe4 Qb1 34. Qe2 Bd6 35. Rb2 Qc1 36. Rb7 Kg7 37. Qh5 1-0

[Event "Manizales op 21st"]
[Site "Manizales"]
[Date "2009.01.09"]
[Round "3"]
[White "Medina Ocampo, Andres Felipe"]
[Black "Osorio, Alejandro"]
[Result "0-1"]
[WhiteElo "1603"]
[BlackElo "1910"]
[PlyCount "52"]
[EventDate "2009.01.08"]
[EventType "swiss"]
[EventRounds "7"]
[EventCountry "COL"]
[SourceTitle "CBM 128 Extra"]
[Source "ChessBase"]
[SourceDate "2009.03.05"]
[SourceVersion "2"]
[SourceVersionDate "2009.03.25"]
[SourceQuality "1"]

1. e4 c5 2. Nf3 Nc6 3. d4 cxd4 4. Nxd4 Nf6 5. Nc3 d6 6. Bb5 Bd7 7. Be3 a6 8. Bxc6 bxc6 9. Qd2 e5 10. Nb3 Be7 11. 0-0 Ng4 12. f4 Nxe3 13. Qxe3 exf4 14. Qxf4 0-0 15. Rad1 Qb6+ 16. Kh1 Be6 17. e5 d5 18. Na4 Qa7 19. Qd4 Rfb8 20. Nac5 Bc8 21. Qf2 Bxc5 22. Nxc5 Rxb2 23. Rde1 Rb5 24. e6 Bxe6 25. Nxe6 Qxf2 26. Rxf2 fxe6 0-1

[Event "Manizales op 21st"]
[Site "Manizales"]
[Date "2009.01.08"]
[Round "1"]
[White "Ballesteros Lopez, William"]
[Black "Osorio, Alejandro"]
[Result "0-1"]
[WhiteElo "1833"]
[BlackElo "1910"]
[PlyCount "76"]
[EventDate "2009.01.08"]
[EventType "swiss"]
[EventRounds "7"]
[EventCountry "COL"]
[SourceTitle "CBM 128 Extra"]
[Source "ChessBase"]
[SourceDate "2009.03.05"]
[SourceVersion "2"]
[SourceVersionDate "2009.03.25"]
[SourceQuality "1"]

1. e4 c5 2. d4 cxd4 3. c3 Nf6 4. e5 Nd5 5. Nf3 Nc6 6. cxd4 e6 7. Bc4 Nb6 8. Bd3 d6 9. 0-0 dxe5 10. dxe5 Be7 11. a3 0-0 12. Nc3 Qc7 13. Bf4 Bd7 14. Rc1 Rad8 15. Bg3 Be8 16. b4 Qd7 17. Bb1 Qxd1 18. Rfxd1 Rxd1+ 19. Nxd1 a5 20. Be4 axb4 21. axb4 Bxb4 22. Rb1 Bc5 23. Rb5 Na4 24. Rxb7 Na5 25. Rb1 Bd7 26. Bf4 Rc8 27. Kf1 Nc4 28. Rc1 Bb5 29. Bd3 Ne3+ 30. Bxe3 Bxd3+ 31. Kg1 Ba6 32. Ra1 Bb5 33. Rb1 Bd7 34. Nd4 Kf8 35. Kf1 Nb6 36. Rc1 Bxd4 37. Rxc8+ Bxc8 38. Bxd4 Ba6+ 0-1